00000000cam 2200000zi 4500
0019.960000
003CaOODSP
00520260408080447
006m     o  d f      
007cr cn ||||||||
008260216t20262026onco    o    f000 0 fre d
020 |a9780660984506
040 |aCaOODSP|bfre|erda|cCaOODSP
043 |an-cn---
0861 |aH14-676/2026F-PDF
24503|aLe deuil et les maladies graves : |psoutien aux personnes ayant une maladie grave.
264 1|a[Ottawa] : |bSanté Canada = Health Canada, |c[2026]
264 4|c©2026
300 |a1 ressource en ligne (2 pages non numérotées) : |bphotographies en couleur
336 |atexte|btxt|2rdacontent/fre
337 |ainformatique|bc|2rdamedia/fre
338 |aressource en ligne|bcr|2rdacarrier/fre
500 |aPublié aussi en anglais sous le titre : Grief and serious illness : support for people living with serious illness.
500 |a« Pub.: 250449. »
650 6|aTravail de deuil|zCanada.
650 6|aSoins palliatifs|zCanada.
7101 |aCanada. |bSanté Canada, |eorganisme de publication.
77508|tGrief and serious illness : |w(CaOODSP)9.960002
7760#|tLe deuil et les maladies graves. |w(CaOODSP)9.960003
85640|qPDF|s990 Ko|uhttps://publications.gc.ca/collections/collection_2026/sc-hc/H14-676-2026-fra.pdf
8564 |qHTML|sS.O.|uhttps://www.canada.ca/fr/sante-canada/services/publications/systeme-et-services-sante/deuil-maladies-graves-soutien-personnes-ayant.html
986 |a250449